000 00382 a2200121 4500
001 ART_7920
005 20260410161556.0
008 260409a
245 1 0 _aProyección de una inversión o ampliación de planta
100 1 _aGiménez, Carlos Manuel
700 1 _aAlonso, Juan Carlos
773 0 _tProfesional & Empresaria
_g- Año XI, Nº 118 (jul. 2009)
_wREV70
999 _c9235
_d9235